[Event "Lima Four C Chess"]
[Site "Lima"]
[Date "2014.06.26"]
[Round "3.4"]
[White "Prado Matos, Briguithe Margoth"]
[Black "Chong Chinchay, Eric Joel"]
[Result "0-1"]
[WhiteElo "1498"]
[BlackElo "2055"]
[PlyCount "126"]
[EventDate "2014.06.24"]
[EventType "tourn"]
[EventRounds "11"]
[EventCountry "PER"]
[SourceTitle "EXT 2024"]
[Source "ChessBase"]
[SourceDate "2023.10.10"]
[SourceVersion "1"]
[SourceVersionDate "2023.10.10"]
[SourceQuality "1"]

1. e4 c5 2. Nf3 Nc6 3. d4 cxd4 4. Nxd4 g6 5. c4 Bg7 6. Be3 Nf6 7. f3 0-0 8. Qd2 d6 9. Nc3 Bd7 10. Be2 Nxd4 11. Bxd4 a5 12. 0-0 Bc6 13. Rfd1 Nd7 14. Be3 Nc5 15. Rac1 Qb6 16. b3 Rfc8 17. Nd5 Qd8 18. Bg5 Bxd5 19. cxd5 Qf8 20. Rc2 Rc7 21. Rdc1 Rac8 22. Be3 b6 23. b4 axb4 24. Qxb4 Rb8 25. Bd4 Ra7 26. Bxg7 Qxg7 27. Qb2 Qh6 28. Qc3 Rba8 29. Bc4 Ra3 30. Qd2 Qxd2 31. Rxd2 b5 32. Bxb5 Rxa2 33. Rxa2 Rxa2 34. Rb1 Kg7 35. h3 g5 36. Kh2 h5 37. Bf1 h4 38. Bb5 Kf6 39. Kg1 Ke5 40. Kh2 Kf4 41. Rb4 Rd2 42. Rb1 Ke3 43. Re1+ Kf4 44. Rb1 f5 45. exf5 Rxd5 46. Rc1 Re5 47. Rd1 Kxf5 48. Rd4 Ne6 49. Bd7 Kf6 50. Bxe6 Rxe6 51. Kg1 Ke5 52. Rd1 d5 53. Kf2 Ra6 54. Rd2 e6 55. Ke2 Ra3 56. Kf2 d4 57. Ke2 Ra4 58. Kf2 Kf5 59. Ke2 e5 60. Ke1 Kf4 61. Kf2 Ra3 62. Rd1 Ra2+ 63. Kf1 Ke3 0-1

[Event "Medellin Navideno op"]
[Site "Medellin"]
[Date "2013.12.22"]
[Round "8"]
[White "Chong Chinchay, Eric Joel"]
[Black "Gutierrez Herrera, Jose Antonio"]
[Result "1-0"]
[WhiteElo "2068"]
[BlackElo "2188"]
[PlyCount "87"]
[EventDate "2013.12.18"]
[EventType "swiss"]
[EventRounds "9"]
[EventCountry "COL"]
[SourceTitle "CBM 158 Extra"]
[Source "ChessBase"]
[SourceDate "2014.02.28"]
[SourceVersion "1"]
[SourceVersionDate "2014.02.28"]
[SourceQuality "1"]

1. e4 c5 2. Nf3 g6 3. d4 Bg7 4. c4 Nc6 5. d5 Nd4 6. Nc3 d6 7. h3 Nxf3+ 8. Qxf3 Nf6 9. Bd3 0-0 10. Qe2 a6 11. Bd2 e6 12. dxe6 Bxe6 13. 0-0 Nd7 14. f4 Nb8 15. f5 Bc8 16. Qf2 Bd4 17. Be3 Nc6 18. Nd5 Bxe3 19. Qxe3 Qh4 20. Rf4 Qh6 21. Raf1 Ne5 22. Qg3 g5 23. R4f2 Kh8 24. Qe3 Rb8 25. b4 b6 26. Rb1 Bb7 27. Nxb6 Nxd3 28. Qxd3 Bxe4 29. Qxe4 Rxb6 30. bxc5 Rxb1+ 31. Qxb1 dxc5 32. f6 Qh4 33. Qd3 Qd4 34. Qxd4 cxd4 35. Rf5 h6 36. Kf2 Rc8 37. c5 Kh7 38. Ke2 Kg6 39. g4 Rc6 40. Kd3 Rxf6 41. Rxf6+ Kxf6 42. Kxd4 Ke6 43. Ke4 a5 44. a4 1-0

[Event "Medellin Navideno op"]
[Site "Medellin"]
[Date "2013.12.21"]
[Round "7"]
[White "Carvajal, Jorge Ivan"]
[Black "Chong Chinchay, Eric Joel"]
[Result "0-1"]
[WhiteElo "2054"]
[BlackElo "2068"]
[PlyCount "92"]
[EventDate "2013.12.18"]
[EventType "swiss"]
[EventRounds "9"]
[EventCountry "COL"]
[SourceTitle "CBM 158 Extra"]
[Source "ChessBase"]
[SourceDate "2014.02.28"]
[SourceVersion "1"]
[SourceVersionDate "2014.02.28"]
[SourceQuality "1"]

1. e4 c5 2. Nf3 Nc6 3. d3 g6 4. g3 Bg7 5. Bg2 d6 6. 0-0 Rb8 7. c3 e5 8. Ne1 Nge7 9. f4 0-0 10. Nd2 b5 11. f5 f6 12. g4 Bh6 13. Ndf3 Bxc1 14. Qxc1 gxf5 15. gxf5 Kh8 16. Qh6 Ng8 17. Qh3 Rb7 18. Nh4 Rg7 19. Kh1 Nh6 20. Bf3 Rfg8 21. Nc2 Nf7 22. Bh5 d5 23. Qe3 d4 24. Qe2 Ng5 25. a4 dxc3 26. axb5 cxb2 27. Rab1 Nd4 28. Nxd4 Qxd4 29. Rxb2 Nh3 30. Ng6+ hxg6 31. Bxg6 Rh7 32. Rbb1 Rh6 33. Rf3 Ng5 34. Rg3 Bb7 35. Rg4 c4 36. Rd1 cxd3 37. Rxd3 Bxe4+ 38. Rxe4 Qxe4+ 39. Qxe4 Nxe4 40. Kg2 Rhxg6+ 41. fxg6 Rxg6+ 42. Kf3 f5 43. Rd7 Rg7 44. Rd8+ Kh7 45. Re8 Ng5+ 46. Ke2 e4 0-1

[Event "Dosquebrad op 1st"]
[Site "Dosquebrad"]
[Date "2013.12.15"]
[Round "9"]
[White "Chong Chinchay, Eric Joel"]
[Black "Arribas Robaina, Maritza"]
[Result "1/2-1/2"]
[WhiteElo "2068"]
[BlackElo "2314"]
[PlyCount "90"]
[EventDate "2013.12.11"]
[EventType "swiss"]
[EventRounds "9"]
[EventCountry "COL"]
[SourceTitle "CBM 158 Extra"]
[Source "ChessBase"]
[SourceDate "2014.02.28"]
[SourceVersion "1"]
[SourceVersionDate "2014.02.28"]
[SourceQuality "1"]

1. e4 d6 2. d4 Nf6 3. Nc3 c6 4. g3 Qa5 5. Bg2 e5 6. Nge2 Be7 7. 0-0 0-0 8. h3 Nbd7 9. a3 Re8 10. f4 Qc7 11. g4 Nb6 12. Kh1 exd4 13. Nxd4 d5 14. e5 Nfd7 15. Re1 Nf8 16. f5 Bh4 17. Re2 Bg3 18. Nf3 Nc4 19. f6 Nxe5 20. fxg7 Nfg6 21. Nxe5 Rxe5 22. Rxe5 Qxe5 23. Bh6 Be6 24. Ne2 Bh4 25. Nd4 Bf6 26. Nf3 Qg3 27. Qf1 Nf4 28. Re1 Nxg2 29. Qxg2 Qxg2+ 30. Kxg2 Bxg7 31. Bxg7 Kxg7 32. Nd4 Re8 33. Kg3 Kf8 34. Kf4 Bd7 35. Rxe8+ Kxe8 36. Kg5 Ke7 37. Kh6 c5 38. Nf3 Bb5 39. Nd2 Kf6 40. Kxh7 Kg5 41. Kg7 f5 42. gxf5 Kxf5 43. Kf7 Be2 44. Ke7 Ke5 45. Kd7 c4 1/2-1/2

[Event "Dosquebrad op 1st"]
[Site "Dosquebrad"]
[Date "2013.12.14"]
[Round "7"]
[White "Chong Chinchay, Eric Joel"]
[Black "Garces Trujillo, Luis Javier"]
[Result "1-0"]
[WhiteElo "2068"]
[BlackElo "1991"]
[PlyCount "65"]
[EventDate "2013.12.11"]
[EventType "swiss"]
[EventRounds "9"]
[EventCountry "COL"]
[SourceTitle "CBM 158 Extra"]
[Source "ChessBase"]
[SourceDate "2014.02.28"]
[SourceVersion "1"]
[SourceVersionDate "2014.02.28"]
[SourceQuality "1"]

1. e4 c5 2. Nf3 Nc6 3. Bb5 a6 4. Bxc6 dxc6 5. d3 Bg4 6. h3 Bh5 7. Be3 e6 8. Nbd2 Nf6 9. Qe2 Be7 10. 0-0-0 b5 11. g4 Bg6 12. Ne5 Qc7 13. f4 Bd6 14. Nxg6 hxg6 15. e5 Bxe5 16. fxe5 Qxe5 17. Qf2 Qd5 18. Bxc5 Qxa2 19. Rhf1 Qd5 20. Ne4 0-0-0 21. Nxf6 gxf6 22. Be7 Rd7 23. Bxf6 Rxh3 24. Qe1 Qa2 25. Rh1 Rf3 26. g5 Kb7 27. Be5 Rf5 28. Rh8 Qa1+ 29. Kd2 Qa5+ 30. c3 b4 31. Rb8+ Ka7 32. Qe3+ c5 33. cxb4 1-0

[Event "Pan American-ch U14 24th"]
[Site "Pocos de Caldas"]
[Date "2013.07.29"]
[Round "6.1"]
[White "Tello Chavez, Isaac Valentino"]
[Black "Chong Chinchay, Eric Joel"]
[Result "0-1"]
[WhiteElo "1777"]
[BlackElo "2050"]
[PlyCount "64"]
[EventDate "2013.07.25"]
[EventType "swiss"]
[EventRounds "9"]
[EventCountry "BRA"]
[SourceTitle "EXT 2016"]
[Source "ChessBase"]
[SourceDate "2015.10.08"]
[SourceVersion "1"]
[SourceVersionDate "2015.10.08"]
[SourceQuality "1"]

1. d4 d5 2. Nf3 Nf6 3. Bf4 c5 4. e3 Nc6 5. c3 Qb6 6. Qc1 Bf5 7. Nh4 Bd7 8. Nd2 Rc8 9. Qb1 Nh5 10. Bg3 cxd4 11. cxd4 Nxg3 12. hxg3 e5 13. Nhf3 exd4 14. exd4 Nxd4 15. Bd3 Nxf3+ 16. Nxf3 Bb4+ 17. Kf1 g6 18. a3 Bd6 19. Qe1+ Kf8 20. Qd2 h5 21. b4 Qc7 22. Re1 Qc3 23. Qd1 Kg7 24. Be2 Be6 25. Nd4 Be5 26. Nxe6+ fxe6 27. Qa4 Rcf8 28. Bf3 Rf7 29. g4 hxg4 30. Rxh8 gxf3 31. Qe8 fxg2+ 32. Kxg2 Qf3+ 0-1

[Event "Pan American-ch U14 24th"]
[Site "Pocos de Caldas"]
[Date "2013.07.28"]
[Round "4.2"]
[White "Salcedo Perez, Pablo Esteban"]
[Black "Chong Chinchay, Eric Joel"]
[Result "0-1"]
[WhiteElo "1869"]
[BlackElo "2050"]
[PlyCount "48"]
[EventDate "2013.07.25"]
[EventType "swiss"]
[EventRounds "9"]
[EventCountry "BRA"]
[SourceTitle "EXT 2016"]
[Source "ChessBase"]
[SourceDate "2015.10.08"]
[SourceVersion "1"]
[SourceVersionDate "2015.10.08"]
[SourceQuality "1"]

1. d4 d5 2. c4 c6 3. Nc3 Nf6 4. Bf4 a6 5. e3 b5 6. cxd5 cxd5 7. h3 Bf5 8. Nf3 e6 9. a3 Nbd7 10. Be2 Be7 11. 0-0 0-0 12. Nd2 Rc8 13. Rc1 Nb6 14. f3 Bg6 15. a4 Nxa4 16. Nxa4 Rxc1 17. Qxc1 bxa4 18. Qc6 Qa5 19. Nb1 Qb4 20. Bxa6 Qxb2 21. Nc3 a3 22. Rf2 Qb3 23. Qb7 Qxc3 24. Qxe7 Qa5 0-1

[Event "Pan American-ch U14 24th"]
[Site "Pocos de Caldas"]
[Date "2013.07.27"]
[Round "2.3"]
[White "Escalante Ramirez, Brian Sebastian"]
[Black "Chong Chinchay, Eric Joel"]
[Result "0-1"]
[WhiteElo "1841"]
[BlackElo "2050"]
[PlyCount "56"]
[EventDate "2013.07.25"]
[EventType "swiss"]
[EventRounds "9"]
[EventCountry "BRA"]
[SourceTitle "EXT 2016"]
[Source "ChessBase"]
[SourceDate "2015.10.08"]
[SourceVersion "1"]
[SourceVersionDate "2015.10.08"]
[SourceQuality "1"]

1. e4 c5 2. Nf3 d6 3. d4 cxd4 4. Nxd4 Nf6 5. f3 Nc6 6. c4 g6 7. Be3 Bg7 8. Qd2 0-0 9. Nc3 Bd7 10. Be2 Nxd4 11. Bxd4 a5 12. 0-0 Bc6 13. Kh1 Nd7 14. Be3 Nc5 15. Bd1 a4 16. Rb1 Qa5 17. Bh6 Bxh6 18. Qxh6 Qb4 19. Be2 a3 20. f4 Nxe4 21. Rf3 Nf6 22. bxa3 Qc5 23. Rh3 Rxa3 24. Rf1 Qb4 25. Nb5 Rxh3 26. Qxh3 Qd2 27. Bf3 Qxa2 28. Bxc6 bxc6 0-1

[Event "Bogota Humana op"]
[Site "Bogota"]
[Date "2012.12.08"]
[Round "7"]
[White "Chong Chinchay, Eric Joel"]
[Black "Ramirez, Carlos"]
[Result "0-1"]
[WhiteElo "1977"]
[BlackElo "2310"]
[PlyCount "88"]
[EventDate "2012.12.05"]
[EventType "swiss"]
[EventRounds "9"]
[EventCountry "COL"]
[SourceTitle "EXT 2014"]
[Source "ChessBase"]
[SourceDate "2013.11.20"]
[SourceVersion "1"]
[SourceVersionDate "2013.11.20"]
[SourceQuality "1"]

1. e4 e6 2. d4 d5 3. Nc3 Bb4 4. e5 c5 5. a3 Bxc3+ 6. bxc3 Ne7 7. Qg4 0-0 8. Bd3 Nbc6 9. Nf3 f5 10. exf6 Rxf6 11. Qh4 h6 12. 0-0 c4 13. Be2 Qa5 14. Bd2 Nf5 15. Qh3 Nd6 16. Be1 e5 17. Qh5 Rf5 18. Qg6 Qd8 19. h4 Rf6 20. Qg3 Nf5 21. Qh2 exd4 22. cxd4 Ncxd4 23. Nxd4 Nxd4 24. Bd1 Nc6 25. Be2 Bf5 26. Bc3 Re6 27. Qg3 Rg6 28. Qf4 Be4 29. g3 Qe7 30. h5 Rg5 31. Rae1 Rf8 32. Qe3 Qxa3 33. f4 Rgf5 34. Bg4 Bxc2 35. Bxf5 Bxf5 36. Rf2 Qd6 37. Be5 Qe7 38. Qc3 b5 39. g4 Be4 40. Bd4 b4 41. Qe3 Qh4 42. Kf1 Re8 43. Be5 Nxe5 44. fxe5 Rxe5 0-1

[Event "Bogota Humana op"]
[Site "Bogota"]
[Date "2012.12.05"]
[Round "1"]
[White "Contreras, Miguel Angel"]
[Black "Chong Chinchay, Eric Joel"]
[Result "0-1"]
[WhiteElo "1808"]
[BlackElo "1977"]
[PlyCount "68"]
[EventDate "2012.12.05"]
[EventType "swiss"]
[EventRounds "9"]
[EventCountry "COL"]
[SourceTitle "EXT 2014"]
[Source "ChessBase"]
[SourceDate "2013.11.20"]
[SourceVersion "1"]
[SourceVersionDate "2013.11.20"]
[SourceQuality "1"]

1. e4 c5 2. Nf3 Nc6 3. d4 cxd4 4. Nxd4 g6 5. Nc3 Bg7 6. Be3 Nf6 7. Be2 0-0 8. Qd2 d5 9. exd5 Nxd5 10. Nxd5 Nxd4 11. Bc4 Nf5 12. c3 Nxe3 13. Qxe3 e6 14. Nb4 Bd7 15. Rd1 Qc7 16. Bb3 a5 17. Nd3 a4 18. Bc2 a3 19. Bb3 axb2 20. 0-0 Qxc3 21. Nxb2 Qxe3 22. fxe3 Bb5 23. Rf2 Bh6 24. Re1 Rac8 25. Rc2 Rxc2 26. Bxc2 Rd8 27. Bb3 Kg7 28. Nc4 Rd3 29. Kf2 f5 30. g3 Kf6 31. h3 e5 32. h4 e4 33. Nb6 g5 34. Nd5+ Ke5 0-1

[Event "PER-ch U20"]
[Site "Lima"]
[Date "2012.05.25"]
[Round "6"]
[White "Arias Gaviria, Mario Alexis"]
[Black "Chong Chinchay, Eric Joel"]
[Result "1/2-1/2"]
[WhiteElo "2103"]
[BlackElo "1927"]
[PlyCount "37"]
[EventDate "2012.05.23"]
[EventType "swiss"]
[EventRounds "7"]
[EventCountry "PER"]
[SourceTitle "CBM 148 Extra"]
[Source "ChessBase"]
[SourceDate "2012.06.22"]
[SourceVersion "1"]
[SourceVersionDate "2012.06.22"]
[SourceQuality "1"]

1. Nf3 d5 2. b3 c5 3. e4 dxe4 4. Ne5 Qd4 5. Bb2 Qd6 6. Bb5+ Nd7 7. Qe2 a6 8. Bxd7+ Bxd7 9. Nxd7 Qxd7 10. Nc3 Nf6 11. 0-0-0 Qc6 12. d3 exd3 13. Rxd3 Qxg2 14. Rhd1 e6 15. Na4 Be7 16. Qe5 Qc6 17. Rg1 b5 18. Nc3 Rg8 19. f4 1/2-1/2

[Event "PER-ch U20"]
[Site "Lima"]
[Date "2012.05.23"]
[Round "2"]
[White "Leiva Rodriguez, Jeammarco Giuseppe"]
[Black "Chong Chinchay, Eric Joel"]
[Result "1-0"]
[WhiteElo "2232"]
[BlackElo "1927"]
[PlyCount "77"]
[EventDate "2012.05.23"]
[EventType "swiss"]
[EventRounds "7"]
[EventCountry "PER"]
[SourceTitle "CBM 148 Extra"]
[Source "ChessBase"]
[SourceDate "2012.06.22"]
[SourceVersion "1"]
[SourceVersionDate "2012.06.22"]
[SourceQuality "1"]

1. d4 d5 2. Nf3 c6 3. c4 e6 4. Qc2 Bd6 5. Bg5 Be7 6. Bxe7 Qxe7 7. Nbd2 Nf6 8. a3 Nbd7 9. e4 dxe4 10. Nxe4 c5 11. Nxc5 Nxc5 12. dxc5 Qxc5 13. b4 Qc7 14. Bd3 0-0 15. 0-0 b6 16. Rfe1 Bb7 17. Ne5 Rad8 18. Qc3 Nd7 19. Bf1 Nxe5 20. Rxe5 Qe7 21. Rae1 Qf6 22. Qe3 h6 23. a4 Qe7 24. Qc3 Rd7 25. a5 Rc8 26. Qa3 Qd8 27. Qe3 Ba6 28. b5 Bb7 29. a6 Ba8 30. c5 bxc5 31. Rxc5 Rxc5 32. Qxc5 Rc7 33. Qe3 Bd5 34. Rb1 Bc4 35. b6 axb6 36. Qxb6 Bxf1 37. a7 Bxg2 38. Qb8 Rc8 39. Qxc8 1-0

[Event "Lima Morales Memorial op 2nd"]
[Site "Lima"]
[Date "2012.01.21"]
[Round "2"]
[White "Contreras, Jose"]
[Black "Chong Chinchay, Eric Joel"]
[Result "1-0"]
[WhiteElo "2184"]
[BlackElo "1894"]
[PlyCount "43"]
[EventDate "2012.01.21"]
[EventType "swiss"]
[EventRounds "9"]
[EventCountry "PER"]
[SourceTitle "EXT 2014"]
[Source "ChessBase"]
[SourceDate "2013.11.20"]
[SourceVersion "1"]
[SourceVersionDate "2013.11.20"]
[SourceQuality "1"]

1. d4 d5 2. c4 c6 3. Nf3 Nf6 4. Qc2 dxc4 5. Qxc4 Be6 6. Qc2 g6 7. Nc3 Bg7 8. e4 Bg4 9. Be3 0-0 10. Be2 Nbd7 11. h3 Bxf3 12. gxf3 Rc8 13. h4 c5 14. d5 Re8 15. f4 h5 16. e5 Nh7 17. Rg1 Ndf8 18. 0-0-0 c4 19. f5 Qa5 20. Bxh5 b5 21. fxg6 fxg6 22. Bxg6 1-0